00621nam a2200169 a 450000100100000000500170001000800410002704000250006808200220009310000290011524500790014426000620022330000200028504900090030595201200031499900170043400002832520200930031536.0110407s1969 dr 000 0 eng d aDO-SdBNPbspacBNPHU axxxxbC215v, 19691 aCanclini, Arnoldo92373210aVamos al calvario :blas siete palabras desde la cruz /cArnoldo Canclini. a[Santo Domingo] :bCasa Bautista de Publicaciones,c1969. a31 p. ;c20 cm. aBNPD 0010718PDaPDbPDcCTd2011-04-07iLF1l0oxxxx C215v, 1969p28325-10r2020-06-25w2020-06-25yLFPDZNo se presta c27817d27817